Business economics: principles and cases (6th ed.) (Record no. 36430)

MARC details
000 -LEADER
fixed length control field 00614nam a2200181 a 4500
008 - FIXED-LENGTH DATA ELEMENTS--GENERAL INFORMATION
fixed length control field 120416s1981 ||||||||||||||||| || u
050 ## - LIBRARY OF CONGRESS CALL NUMBER
Classification number HD 30.22 Col
100 ## - MAIN ENTRY--PERSONAL NAME
Personal name Whitaker, Gilbert R
245 10 - TITLE STATEMENT
Title Business economics: principles and cases (6th ed.)
250 ## - EDITION STATEMENT
Edition statement 6th ed.
260 ## - PUBLICATION, DISTRIBUTION, ETC.
Place of publication, distribution, etc. Homewood
Name of publisher, distributor, etc. Irwin
Date of publication, distribution, etc. 1981
300 ## - PHYSICAL DESCRIPTION
Extent xi, 497p. : ill.
350 ## - PRICE (NR) (BK AM CF MU VM SE) [OBSOLETE]
Price 0.00
650 #0 - SUBJECT ADDED ENTRY--TOPICAL TERM
Topical term or geographic name entry element BUSINESS
650 ## - SUBJECT ADDED ENTRY--TOPICAL TERM
Topical term or geographic name entry element BUSINESS ECONOMICS
700 ## - ADDED ENTRY--PERSONAL NAME
Personal name Colberg, Marshall R
995 ## - RECOMMENDATION 995 [LOCAL, UNIMARC FRANCE]
-- 0.00
-- CBU-MAIN LIBRARY (Kitwe)
-- 1
-- 0.00
-- 1
-- AVAILABLE
-- Annex Low-Usage Collection
Holdings
Withdrawn status Lost status Source of classification or shelving scheme Damaged status Not for loan Home library Current library Shelving location Date acquired Total Checkouts Full call number Barcode Date last seen Price effective from Koha item type
          CBU-MAIN LIBRARY, KITWE. CBU-MAIN LIBRARY, KITWE.   11/30/2022   HD 30.22 Col 002559 11/30/2022 11/30/2022 MONOGRAPH